Institutiones Philosophiae Rationalis Methodo Wolfii Conscriptae

Podrobná bibliografia
Hlavný autor: Baumeister, Friedrich Christian, 1709-1785 (Autor)
Ďalší autori: Ahlfeldt, Johann Joachim (Tlačiar)
Médium: Kniha
Jazyk:latinčina
Fyzický popis:[8] listov, 358 strán, [8] listov 8° 18 cm
Vydavateľské údaje: Vitembergae Svmtibvs Io. Ioachimi Ahlfeldii M DCCXLII. [=1742]
ISBN:(viaz.)
Vydanie:Editio Sexta Avctior Et Emendatior
Predmet:

MARC

LEADER 00000nam a2200000 a 4500
001 vtls011827895
003 SK-MaSNL
005 20260426020103.0
008 251112 1742 gw 001 0 lat
015 |a SNBHFA1742 
020 |a (viaz.) 
040 |a SNKHF  |b slo  |c SNK  |e AACR2 
041 |a lat 
044 |a gw  |c DE 
072 7 |a 16  |x Logika  |2 konspekt 
080 |a 16  |2 2011 
080 |a 101  |2 2011 
100 1 |a Baumeister, Friedrich Christian,  |d 1709-1785  |4 aut  |9 356016 
245 1 0 |a Institutiones Philosophiae Rationalis Methodo Wolfii Conscriptae  |c Frid. Christiani Baumeisteri Philosophiae Magistri Et Augusti Gymnasii Gorlicensis Rectoris 
250 |a Editio Sexta Avctior Et Emendatior 
260 |a Vitembergae  |b Svmtibvs Io. Ioachimi Ahlfeldii  |c M DCCXLII. [=1742] 
300 |a [8] listov, 358 strán, [8] listov  |c 8°  |c 18 cm 
500 |a Vinety, vlys, ozdobné iniciálky na 3 riadky, kustody 
501 |a Príväzok 1.: BAUMEISTER, Friedrich Christian. Institvtiones Metaphysicæ. Wittenbergæ & Seruestæ: Svmptibvs Sam. Godofr. Zimmermanni, 1743.  |5 SNK ID 100684/prív.1 
508 |a Predslov 
510 4 |a VD18 12365564 
546 |a Latinčina  |b Kurzíva 
561 |a Z knižnice Učenej spoločnosti malohontskej.  |5 SNK ID 100684 
563 |a Väzba: svetložltá koža.  |5 SNK ID 100684 
650 0 7 |a logika  |2 SNKPH  |9 806 
650 0 7 |a filozofia  |2 SNKPH  |9 793 
700 1 |a Wolff, Christian, von,  |d 1679-1754  |4 oth  |9 355743 
700 1 |a Ahlfeldt, Johann Joachim  |4 prt  |9 362489 
710 2 |a Učená spoločnosť malohontská  |4 fmo  |9 205374 
752 |a Nemecko  |d Wittenberg 
852 |a snk  |b Historické fondy  |p ID 100684 
999 |c 1202016  |d 1203946 
952 |t MHC 924  |a SNK  |b SNK  |c SNK_HF  |y PREZ  |7 0  |p 17A1131704  |o snkID 100684  |i snk2018/26154  |8 5  |0 0  |1 0  |4 0  |d 2018-12-05  |l 0  |r 2026-02-24 22:45:43  |w 2026-02-24